Za reformou odborného školstva cítiť eurofondy

Návrh reformy slovenského odborného školstva - dokument Učiace sa Slovensko. Ciele reformy. Výhrady zamestnávateľov. Odborné vzdelávanie je potrebné prispôsobiť ére informačnej spoločnosti.

Guardado en:
Detalles Bibliográficos
Autor principal: Nejedlý, Tomáš
Formato: Capítulo de libro
Lenguaje:eslovaco
Materias:
Etiquetas: Agregar Etiqueta
Sin Etiquetas, Sea el primero en etiquetar este registro!

MARC

LEADER 00000naa a2200000 4500
001 0224549
005 20231113105908.6
041 0 |a slo 
044 |a SK 
245 1 0 |a Za reformou odborného školstva cítiť eurofondy  |c Tomáš Nejedlý 
520 |a Návrh reformy slovenského odborného školstva - dokument Učiace sa Slovensko. Ciele reformy. Výhrady zamestnávateľov. Odborné vzdelávanie je potrebné prispôsobiť ére informačnej spoločnosti. 
610 2 0 |a vzdelávanie 
610 2 0 |a školstvo 
610 2 0 |a školy stredné odborné 
610 2 0 |a trh práce 
610 2 0 |a nezamestnanosť 
610 2 0 |a reformy školské 
100 1 |a Nejedlý, Tomáš